| 000 | 01098cam a2200301 a 4500 | ||
|---|---|---|---|
| 001 | 546 | ||
| 005 | 20241122145450.0 | ||
| 020 | _a0152051619 (hc) | ||
| 020 | _a9781405288736 | ||
| 020 | _a0152051600 (pbk.) | ||
| 040 |
_aDLC _cDLC _dDLC _beng |
||
| 050 | 0 | 0 |
_aPZ7.H7322 _bIae 2004 |
| 082 | 0 | 0 |
_a[Fic] _222 |
| 100 | 1 |
_aHolm, Anne, _d1922- |
|
| 245 | 1 | 0 |
_aI am David / _cAnne Holm ; translated from the Danish by L.W. Kingsland. |
| 250 | _aThis edition published 2018 by Egmont UK Limited | ||
| 260 |
_aLondon : _bEgmont. _c2004. |
||
| 300 |
_a239 pages ; _c20 cm. |
||
| 500 | _aPreviously published under title: North to freedom. | ||
| 505 | _aQ | ||
| 520 | _aAfter escaping from an Eastern European concentration camp where he has spent most of his life, a twelve-year-old boy struggles to cope with an entirely strange world as he flees northward to freedom in Denmark. | ||
| 521 |
_a910
_bLexile |
||
| 521 |
_aQ
_bRaz-Plus |
||
| 650 | 1 |
_aRefugees _vFiction. |
|
| 700 | 1 |
_aKingsland, L. W. _eTranslator |
|
| 906 |
_a7 _bcbc _corignew _d1 _eocip _f20 _gy-gencatlg |
||
| 942 |
_2ddc _cBK _n0 |
||
| 999 |
_c546 _d546 |
||